000 00670nam a22002177a 4500
005 20250813170157.0
008 250813b |||||||| |||| 00| 0 eng d
037 _cTB
040 _aCRL
_cCRL
041 _2urd
_aurd
084 _aO168,6:g P6.1
_qCRL
100 _aRaees, Qamar
_9183784
245 _aTaraqi pasand adab ke memar
260 _aDelhi, India:
_bNaya safar publications,
_c2006.
300 _a560p.
365 _b500.00
_cInr
650 _aURDU PROSE
_926866
650 _aURDU LITERATURE
942 _2CC
_cTB
_hO168,6:g P6.1
_n0
999 _c1434763
_d1434763